[Event "Tourn. n8028"]
[Site "www.chess-mail.com"]
[Date "2015.01.24"]
[Round "1"]
[White "Aperturaf"]
[Black "Difficult"]
[WhiteElo "2250"]
[BlackElo "2020"]
[Result "1-0"]
[Round "1"]
1.e4 Ng8f6
2.e5 Nf6d5
3.d4 d6
4.Ng1f3 Bc8g4
5.Bf1e2 e6
6.O-O Nb8c6
7.c4 Nd5b6
8.exd6 cxd6
9.d5 exd5
10.cxd5 Bg4xf3
11.gxf3 Nc6e5
12.Be2b5 Nb6d7
13.f4 Ne5g6
14.f5 Ng6e5
15.Qd1e2 f6
16.f4 { resign }
1-0

[Event "Tourn. n8034"]
[Site "www.chess-mail.com"]
[Date "2015.01.24"]
[Round "1"]
[White "Ff333"]
[Black "Luban"]
[WhiteElo "2040"]
[BlackElo "2130"]
[Result "1-0"]
[Round "1"]
1.e4 c5
2.g3 d5
3.Bf1g2 e6
4.exd5 exd5
5.Qd1e2 Bc8e6
6.Qe2b5 Qd8d7
7.Qb5xd7 Nb8xd7
8.Ng1f3 Ng8f6
9.O-O Bf8d6
10.d3 h6
11.Rf1e1 O-O
12.b3 d4
13.Bc1a3 Ra8c8
14.Nf3xd4 { resign }
1-0

[Event "Tourn. n7874"]
[Site "www.chess-mail.com"]
[Date "2015.01.24"]
[Round "1"]
[White "Pgcbies"]
[Black "Naujzaid"]
[WhiteElo "2740"]
[BlackElo "2190"]
[Result "1-0"]
[Round "1"]
1.e4 c5
2.Ng1f3 d6
3.d4 cxd4
4.Nf3xd4 Ng8f6
5.Nb1c3 e6
6.g4 h6
7.h4 Nb8c6
8.Rh1g1 d5
9.exd5 Nf6xd5
10.Nc3xd5 Qd8xd5
11.Bf1g2 Qd5e5
12.Bc1e3 Qe5h2
13.f4 Nc6xd4
14.Qd1xd4 Qh2xh4
15.Be3f2 Qh4d8
16.Qd4xd8 Kxd8
17.O-O-O Kc7
18.Rg1e1 Bf8d6
19.Re1e4 Rh8d8
20.Re4c4 Kb8
21.Bf2c5 { resign }
1-0

[Event "Tourn. n8036"]
[Site "www.chess-mail.com"]
[Date "2015.01.24"]
[Round "1"]
[White "Goga"]
[Black "Luban"]
[WhiteElo "1980"]
[BlackElo "2130"]
[Result "0-1"]
[Round "1"]
1.c4 e6
2.a3 Ng8f6
3.d4 d5
4.c5 Bf8e7
5.Ng1f3 a5
6.e3 b6
7.cxb6 cxb6
8.Bf1b5 Bc8d7
9.Qd1a4 O-O
10.Nb1c3 Qd8c7
11.O-O Nf6e4
12.Nc3xe4 dxe4
13.Nf3e5 Bd7xb5
14.Qa4xb5 Be7f6
15.Ne5c4 Nb8d7
16.Nc4d2 Qc7b7
17.Nd2xe4 Qb7xe4
18.Qb5xd7 Rf8d8
19.Qd7b5 Ra8b8
20.Bc1d2 Rd8d5
21.Qb5b3 Rd5g5
22.f3 Qe4g6
23.Rf1f2 Rg5d5
24.Ra1c1 h6
25.e4 Rd5xd4
26.Bd2xa5 Rb8b7
27.Ba5c3 Rd4d3
28.Qb3c4 Rb7d7
29.Bc3xf6 Qg6xf6
30.Qc4b5 Qf6f4
31.Rc1f1 Qf4e3
32.Qb5a4 Rd3d2
33.b4 Rd7c7
34.Qa4b5 Rc7c2
{ resign }
0-1

[Event "Tourn. n7910"]
[Site "www.chess-mail.com"]
[Date "2015.01.24"]
[Round "1"]
[White "Sontuozio"]
[Black "Norlavuaram"]
[WhiteElo "2260"]
[BlackElo "2180"]
[Result "1-0"]
[Round "1"]
1.d4 Ng8f6
2.Ng1f3 g6
3.c4 Bf8g7
4.Nb1c3 O-O
5.e4 d6
6.Bf1e2 e5
7.d5 Nf6e8
8.Qd1c2 f5
9.Bc1g5 Ne8f6
10.Be2d3 f4
11.Bg5xf6 Bg7xf6
12.O-O-O g5
13.Qc2e2 g4
14.Nf3d2 Bf6g5
15.f3 Nb8a6
16.fxg4 f3
17.gxf3 Na6c5
18.Kb1 Bg5f4
19.h4 Qd8f6
20.g5 Qf6f7
21.Rd1f1 Qf7h5
22.Kc2 a5
23.Nc3b5 c6
24.Nb5xd6 cxd5
25.exd5 Bc8d7
26.Nd2e4 Nc5xe4
27.Nd6xe4 Bd7f5
28.b3 a4
29.b4 Kh8
30.c5 b6
31.a3 bxc5
32.bxc5 Rf8b8
33.Rf1b1 Qh5f7
34.Ne4d6 Bf5xd3
35.Qe2xd3 Qf7c7
36.Nd6e4 { resign }
1-0

[Event "Tourn. n7920"]
[Site "www.chess-mail.com"]
[Date "2015.01.24"]
[Round "1"]
[White "Theos666"]
[Black "Gatrooper"]
[WhiteElo "1350"]
[BlackElo "1350"]
[Result "0-1"]
[Round "1"]
1.c3 c5
2.Ng1f3 Nb8c6
3.g3 h6
4.e4 e5
5.Bf1g2 Ng8f6
6.d4 exd4
7.e5 Nf6e4
8.Qd1e2 d5
9.c4 dxc4
10.Qe2xe4 g6
11.Nb1d2 Bc8f5
12.Qe4f4 Qd8e7
13.O-O Bf8g7
14.g4 Bf5d3
15.Rf1e1 O-O-O
16.b3 c3
17.Nd2c4 Bd3xc4
18.bxc4 d3
19.Bc1e3 Bg7xe5
20.Nf3xe5 Nc6xe5
21.Ra1c1 d2
22.Be3xd2 cxd2
{ resign }
0-1

[Event "Tourn. n7991"]
[Site "www.chess-mail.com"]
[Date "2015.01.24"]
[Round "1"]
[White "Biagio"]
[Black "Luban"]
[WhiteElo "2030"]
[BlackElo "2130"]
[Result "0-1"]
[Round "1"]
1.e4 c6
2.d4 d5
3.exd5 cxd5
4.c4 e6
5.Nb1c3 Ng8f6
6.Ng1f3 h6
7.cxd5 Nf6xd5
8.Bf1b5 Bc8d7
9.Bb5c4 Bf8b4
10.Bc1d2 Bd7c6
11.O-O Bb4xc3
12.bxc3 Nb8d7
13.a4 Nd7f6
14.Bc4b3 O-O
15.c4 Nd5c7
16.Bd2c3 Nf6e4
17.Bc3b2 a6
18.Bb3c2 b5
19.Nf3e5 Bc6b7
20.c5 Bb7d5
21.Rf1e1 Ne4f6
22.axb5 Nc7xb5
23.Bc2b3 Bd5xb3
{ resign }
0-1

[Event "Tourn. n8032"]
[Site "www.chess-mail.com"]
[Date "2015.01.24"]
[Round "1"]
[White "Luban"]
[Black "Umzi"]
[WhiteElo "2090"]
[BlackElo "2130"]
[Result "1/2-1/2"]
[Round "1"]
1.d4 d5
2.Ng1f3 Ng8f6
3.e3 e6
4.a3 Nb8c6
5.c4 dxc4
6.Bf1xc4 Bf8d6
7.Nb1c3 a6
8.O-O b5
9.Bc4d3 Bc8b7
10.e4 e5
11.d5 Nc6e7
12.Bc1g5 Ne7g6
13.b4 h6
14.Bg5e3 O-O
15.Be3c5 Rf8e8
16.Ra1c1 Ra8c8
17.Nf3d2 c6
18.Nd2b3 cxd5
19.Nc3xd5 Bb7xd5
20.exd5 e4
21.Bd3e2 Ng6f4
22.Be2g4 Nf6xg4
23.Qd1xg4 Nf4d3
24.Bc5d4 Nd3e5
25.Bd4xe5 Bd6xe5
26.Rc1xc8 { draw }
1/2-1/2

[Event "Tourn. n7920"]
[Site "www.chess-mail.com"]
[Date "2015.01.24"]
[Round "1"]
[White "Theos666"]
[Black "Genius9"]
[WhiteElo "1350"]
[BlackElo "1220"]
[Result "0-1"]
[Round "1"]
1.c3 Ng8f6
2.f3 d5
3.b3 c5
4.g3 Nb8c6
5.d3 e5
6.Bc1b2 Bf8d6
7.e4 O-O
8.c4 d4
9.Qd1d2 a5
10.Bf1g2 a4
11.Ng1e2 axb3
12.Qd2d1 bxa2
13.f4 axb1Q
14.Ra1xa8 Qb1xb2
15.Qd1d2 Qb2xd2
16.Kf2 Qd2e3
17.Ke1 Qd8b6
18.Ra8a1 Bc8g4
19.Ra1a2 Qb6b1
{ resign }
0-1

[Event "Tourn. n8028"]
[Site "www.chess-mail.com"]
[Date "2015.01.24"]
[Round "1"]
[White "Luban"]
[Black "Aperturaf"]
[WhiteElo "2090"]
[BlackElo "2250"]
[Result "0-1"]
[Round "1"]
1.d4 d5
2.Ng1f3 e6
3.c4 Ng8f6
4.a3 c5
5.e3 Nb8c6
6.Nb1c3 a6
7.Bf1d3 dxc4
8.Bd3xc4 b5
9.Bc4d3 Bc8b7
10.Nc3e4 c4
11.Ne4xf6 Qd8xf6
12.Bd3e2 Nc6a5
13.Bc1d2 Na5b3
14.Ra1a2 Ra8d8
15.O-O e5
16.Nf3xe5 Nb3xd2
{ resign }
0-1

[Event "Tourn. n7980"]
[Site "www.chess-mail.com"]
[Date "2015.01.24"]
[Round "1"]
[White "Fabos12"]
[Black "Luban"]
[WhiteElo "1860"]
[BlackElo "2080"]
[Result "0-1"]
[Round "1"]
1.e4 c5
2.d4 cxd4
3.Qd1xd4 Nb8c6
4.Qd4d1 d6
5.Nb1c3 e6
6.Ng1f3 h6
7.Bf1b5 Bc8d7
8.O-O Ng8f6
9.Bc1f4 Qd8c7
10.Rf1e1 Bf8e7
11.Bb5a4 a6
12.a3 O-O
13.Nc3e2 b5
14.Ba4b3 Nf6xe4
15.Qd1d3 Ne4c5
16.Qd3d2 Nc5xb3
17.cxb3 Bd7c8
18.Bf4xh6 gxh6
19.Qd2xh6 Be7d8
20.Nf3g5 f6
21.Ng5e4 d5
22.Ne4c5 Nc6e5
23.Ra1c1 Qc7g7
24.Qh6h3 Qg7g4
25.Qh3e3 Bd8b6
26.h3 Qg4f5
27.Ne2g3 Qf5g6
28.f4 Bb6xc5
29.Rc1xc5 Ne5f7
30.Kh2 Nf7d6
31.Qe3c1 Kh8
32.Re1e3 Rf8g8
33.Qc1e1 Ra8a7
34.Qe1e2 Ra7g7
35.Rc5c3 d4
36.Rc3xc8 dxe3
37.Rc8xg8 Rg7xg8
38.Qe2xe3 Nd6f5
39.Qe3d3 Qg6xg3
40.Qd3xg3 Rg8xg3
{ resign }
0-1

[Event "Match"]
[Site "www.echecsemail.com"]
[Date "2015.01.24"]
[Round "1"]
[White "Hrob71"]
[Black "Mrmoto"]
[WhiteElo "1499"]
[BlackElo "1580"]
[Result "1-0"]
[Round "1"]
1.e4 e6
2.d4 d5
3.Nb1c3 Ng8f6
4.Bc1g5 Bf8b4
5.e5 h6
6.Bg5d2 Nf6e4
7.Nc3xe4 Bb4xd2
8.Ne4xd2 a6
9.Ng1f3 Nb8d7
10.Bf1d3 c5
11.c3 Qd8b6
12.Ra1b1 c4
13.Bd3c2 Qb6a7
14.O-O b5
15.Qd1e2 Bc8b7
16.Rf1e1 O-O-O
17.Nd2f1 f6
18.exf6 gxf6
19.Qe2xe6 Bb7a8
20.Nf1g3 { resign }
1-0

[Event "Match"]
[Site "www.echecsemail.com"]
[Date "2015.01.24"]
[Round "1"]
[White "Apdash"]
[Black "Xkafi"]
[WhiteElo "2130"]
[BlackElo "2020"]
[Result "0-1"]
[Round "1"]
1.d4 d5
2.c4 dxc4
3.Nb1c3 Bc8f5
4.e4 Bf5g6
5.Bf1xc4 e6
6.Qd1b3 Qd8c8
7.Ng1f3 Ng8e7
8.d5 exd5
9.exd5 Ne7f5
10.O-O Bf8e7
11.Rf1e1 O-O
12.Bc1f4 Be7d6
13.Bf4d2 Nb8d7
14.Nc3b5 Bd6c5
15.Bd2b4 c6
16.dxc6 bxc6
17.Nb5c3 Qc8b7
18.Bb4xc5 Nd7xc5
19.Qb3a3 Nc5e6
20.Bc4xe6 fxe6
21.Re1xe6 Qb7f7
22.Nf3g5 Qf7c7
23.g4 Nf5d4
24.Re6e7 Qc7f4
25.Nc3e4 h6
26.Ra1d1 hxg5
27.Qa3e3 Qf4xg4
{ resign }
0-1

[Event "Match"]
[Site "www.echecsemail.com"]
[Date "2015.01.24"]
[Round "1"]
[White "Wagner"]
[Black "Tenzinnima"]
[WhiteElo "1650"]
[BlackElo "2270"]
[Result "0-1"]
[Round "1"]
1.e4 e6
2.a3 d5
3.exd5 exd5
4.d4 Ng8f6
5.h3 Bf8e7
6.f3 O-O
7.g4 Nf6xg4
8.hxg4 Be7h4
9.Kd2 c5
10.b4 Nb8c6
11.c3 cxd4
12.c4 d3
13.Bf1xd3 dxc4
14.b5 Qd8xd3
{ resign }
0-1

[Event "Match"]
[Site "www.echecsemail.com"]
[Date "2015.01.24"]
[Round "1"]
[White "Razorboy"]
[Black "Fangshuo"]
[WhiteElo "1800"]
[BlackElo "2120"]
[Result "1-0"]
[Round "1"]
1.d4 e6
2.Ng1f3 c5
3.dxc5 Bf8xc5
4.e3 Ng8f6
5.Nb1c3 Qd8a5
6.Bc1d2 Bc5b4
7.Nc3e2 Nf6e4
8.Bd2xb4 Qa5xb4
9.Nf3d2 Ne4xd2
10.Qd1xd2 Qb4xb2
11.Ne2d4 Qb2xa1
12.Qd2d1 Qa1xa2
13.Nd4b5 Qa2a5
14.c3 O-O
15.Qd1d6 Nb8a6
16.Bf1e2 Qa5b6
17.Qd6g3 d5
18.O-O Bc8d7
19.Nb5d4 Qb6b2
20.c4 Ra8c8
21.Be2d3 Qb2c3
22.Bd3b1 Rc8xc4
23.Qg3h4 Qc3b2
24.Qh4xh7 { resign }
1-0

[Event "Match"]
[Site "www.echecsemail.com"]
[Date "2015.01.24"]
[Round "1"]
[White "Maestro"]
[Black "Nozal"]
[WhiteElo "1970"]
[BlackElo "1840"]
[Result "1-0"]
[Round "1"]
1.e4 e5
2.Ng1f3 d6
3.d4 f6
4.Bf1e2 c6
5.O-O f5
6.Nb1c3 Qd8e7
7.dxe5 dxe5
8.exf5 Bc8xf5
9.Bc1g5 Ng8f6
10.Nf3h4 Bf5e6
11.f4 h6
12.Nh4g6 Qe7c5
13.Kh1 Rh8g8
14.Bg5xf6 gxf6
15.Ng6xf8 Rg8xf8
16.Be2h5 Ke7
17.Qd1f3 exf4
18.Qf3xf4 Qc5xh5
19.Nc3e4 Nb8d7
20.Qf4d6 Kf7
21.Ra1e1 Qh5d5
22.Qd6a3 Rf8g8
23.c4 Qd5d4
24.Ne4d6 Kg7
25.Nd6f5 Be6xf5
26.Rf1xf5 Qd4g4
27.Re1f1 Kh8
28.Rf5f2 Qg4xc4
29.Qa3h3 Rg8g6
30.Qh3xd7 Ra8g8
31.Qd7d2 Rg6xg2
32.Qd2xh6 { resign }
1-0

[Event "Match"]
[Site "www.echecsemail.com"]
[Date "2015.01.24"]
[Round "1"]
[White "Picifarkinca"]
[Black "Spartacus42"]
[WhiteElo "1840"]
[BlackElo "1689"]
[Result "1-0"]
[Round "1"]
1.Ng1f3 d5
2.g3 c6
3.Bf1g2 Ng8f6
4.O-O Nb8d7
5.d3 e5
6.Nb1d2 Bf8d6
7.c4 d4
8.h3 O-O
9.e3 dxe3
10.fxe3 Nd7c5
11.Qd1c2 Bd6c7
12.Nf3e1 e4
13.d4 Nc5d3
14.Ne1xd3 exd3
15.Qc2xd3 Bc7xg3
16.e4 Nf6h5
17.Nd2f3 Bg3f4
18.Bc1d2 Bf4xd2
19.Qd3xd2 Qd8f6
20.Ra1d1 Qf6g6
21.Nf3e5 Qg6e6
22.Qd2c3 Rf8e8
23.Ne5xf7 Nh5f6
24.e5 Qe6xf7
25.exf6 gxf6
26.d5 f5
27.dxc6 Ra8b8
28.Qc3g3 Kh8
29.Qg3xb8 bxc6
30.Qb8b3 Re8e2
31.Qb3c3 { resign }
1-0

[Event "Match"]
[Site "www.echecsemail.com"]
[Date "2015.01.24"]
[Round "1"]
[White "Amaya"]
[Black "Holmjb"]
[WhiteElo "1910"]
[BlackElo "2150"]
[Result "1-0"]
[Round "1"]
1.d4 Ng8f6
2.e3 e6
3.Nb1d2 d5
4.Bf1d3 c5
5.c3 c4
6.Bd3c2 Nb8c6
7.f4 g6
8.Ng1f3 Bf8g7
9.O-O O-O
10.Nf3e5 Nc6xe5
11.fxe5 Nf6d7
12.e4 Nd7b6
13.exd5 Nb6xd5
14.Nd2e4 b5
15.a3 Bc8b7
16.Qd1g4 h6
17.Qg4h3 Nd5e7
18.Ne4f6 Bg7xf6
19.exf6 Ne7f5
20.Bc2xf5 exf5
21.Rf1xf5 h5
22.Bc1h6 Rf8e8
23.Bh6g7 { resign }
1-0

[Event "Match"]
[Site "www.echecsemail.com"]
[Date "2015.01.24"]
[Round "1"]
[White "Cardiff"]
[Black "Ff333"]
[WhiteElo "1900"]
[BlackElo "2040"]
[Result "1-0"]
[Round "1"]
1.e4 e5
2.Ng1f3 Nb8c6
3.Nb1c3 a6
4.d4 f6
5.dxe5 Nc6xe5
6.Nf3xe5 fxe5
7.Qd1h5 Ke7
8.Qh5xe5 Kf7
9.Bf1c4 Kg6
10.Qe5f5 { resign }
1-0

[Event "Match"]
[Site "www.echecsemail.com"]
[Date "2015.01.24"]
[Round "1"]
[White "Staf"]
[Black "Yakke"]
[WhiteElo "1150"]
[BlackElo "1800"]
[Result "0-1"]
[Round "1"]
1.b3 d5
2.d4 Nb8c6
3.e3 Ng8f6
4.h4 a6
5.Ng1f3 Nf6e4
6.Bc1a3 Bc8d7
7.c3 h6
8.b4 b5
9.h5 Bd7g4
10.Rh1h4 Ne4f6
11.Bf1e2 e6
12.Nf3e5 Nc6xe5
13.dxe5 Nf6e4
14.Rh4xg4 Bf8e7
15.Rg4xg7 Ne4g5
16.f4 Be7f8
17.Rg7xg5 hxg5
18.Qd1d4 g4
19.Be2xg4 Qd8h4
20.Kd2 Qh4xg4
21.e4 Rh8xh5
22.exd5 Qg4xg2
23.Kd3 Rh5h3
24.Qd4e3 Qg2f1
25.Ke4 Qf1c4
26.Qe3d4 Qc4e2
27.Qd4e3 Qe2xe3

0-1

[Event "Match"]
[Site "www.echecsemail.com"]
[Date "2015.01.24"]
[Round "1"]
[White "Gilliere"]
[Black "Generalfree"]
[WhiteElo "1840"]
[BlackElo "1880"]
[Result "1-0"]
[Round "1"]
1.d4 Ng8f6
2.c4 d5
3.c5 b6
4.cxb6 axb6
5.e3 g5
6.Nb1c3 c6
7.h3 Bc8f5
8.Ng1f3 h6
9.Bf1d3 Bf5xd3
10.Qd1xd3 e6
11.Bc1d2 Bf8d6
12.a3 b5
13.O-O Nb8d7
14.b4 Qd8c7
15.e4 dxe4
16.Nc3xe4 Nf6xe4
17.Qd3xe4 Nd7f6
18.Qe4c2 O-O
19.Bd2c3 Nf6d5
20.Bc3b2 Nd5f4
21.Rf1e1 Ra8e8
22.Qc2c3 f6
23.Re1e3 Nf4d5
24.Qc3d3 Nd5xe3
25.fxe3 f5
26.Qd3c3 Kh7
27.Nf3e5 Bd6xe5
28.dxe5 h5
29.Ra1d1 Re8d8
30.Rd1e1 Rd8d5
31.Bb2a1 Rf8d8
32.Kh2 Rd5d3
33.Qc3b2 Rd3d2
34.Qb2c1 g4
35.hxg4 hxg4
36.Kg3 Qc7b7
37.Qc1c5 Rd8d3
38.Qc5f8 c5
39.Re1h1 Kg6
40.Qf8h6 Kf7
41.Qh6h7 Ke8
42.Qh7xb7 Rd3xe3
43.Kh4 Rd2d7
44.Qb7xb5 Kd8
45.Qb5b8 Ke7
46.bxc5 Rd7d8
47.Qb8b7 Rd8d7
48.Qb7b2 Kf8
49.Qb2b8 Kg7
50.Kg5 Re3h3
51.Rh1xh3 { resign }
1-0

[Event "Match"]
[Site "www.echecsemail.com"]
[Date "2015.01.24"]
[Round "1"]
[White "Zazi"]
[Black "Crestaambra"]
[WhiteElo "1590"]
[BlackElo "1289"]
[Result "0-1"]
[Round "1"]
1.d4 d5
2.f4 Ng8f6
3.e3 Nb8c6
4.c3 Nf6e4
5.b4 f5
6.a4 a5
7.Bf1b5 e6
8.g4 Qd8h4
9.Ke2 Qh4xg4
10.Ng1f3 axb4
11.cxb4 Bf8xb4
12.Rh1g1 Qg4h5
13.Bb5d3 b5
14.Bd3xe4 dxe4
15.Rg1f1 exf3
16.Rf1xf3 Qh5xh2
17.Rf3f2 Qh2h5
18.Rf2f3 bxa4
19.Ra1xa4 Bc8a6
20.Kf2 Qh5h2

0-1

[Event "Match"]
[Site "www.echecsemail.com"]
[Date "2015.01.24"]
[Round "1"]
[White "Joseph1983"]
[Black "Roqueur"]
[WhiteElo "2140"]
[BlackElo "2600"]
[Result "0-1"]
[Round "1"]
1.e4 c5
2.Ng1f3 d6
3.d4 cxd4
4.Nf3xd4 Ng8f6
5.Nb1c3 a6
6.Bf1e2 e5
7.Nd4b3 Bf8e7
8.O-O O-O
9.Bc1e3 Bc8e6
10.Qd1d2 Nb8d7
11.Ra1d1 Ra8c8
12.f4 b5
13.a3 Qd8c7
14.f5 Be6xb3
15.cxb3 Nd7c5
16.Be3xc5 dxc5
17.Be2f3 c4
18.bxc4 Qc7xc4
19.Kh1 Be7xa3
20.Nc3xb5 Rf8d8
21.Qd2a5 Rd8xd1
22.Rf1xd1 Ba3b4
23.Rd1d8 Nf6e8
{ resign }
0-1

[Event "Match"]
[Site "www.echecsemail.com"]
[Date "2015.01.24"]
[Round "1"]
[White "Chapi"]
[Black "Cardiff"]
[WhiteElo "1970"]
[BlackElo "1950"]
[Result "1-0"]
[Round "1"]
1.d4 Ng8f6
2.c4 g6
3.Nb1c3 d5
4.e3 Bf8g7
5.cxd5 Nf6xd5
6.Bf1c4 Nd5b6
7.b3 O-O
8.Ng1e2 Nb8c6
9.O-O e6
10.Nc3e4 Nb6xc4
11.bxc4 b6
12.Ra1b1 Bc8b7
13.Ne2c3 Nc6e7
14.c5 Ne7d5
15.a4 Nd5xc3
16.Ne4xc3 Qd8e7
17.Bc1a3 Rf8d8
18.Rb1b3 Bb7a6
19.cxb6 cxb6
20.Ba3xe7 { resign }
1-0

[Event "Eq:Angels of Checkmate-Slap Shot Mates : "]
[Site "www.chess-mail.com"]
[Date "2015.01.24"]
[Round "1"]
[White "Mustaphly"]
[Black "Badplayer"]
[WhiteElo "2680"]
[BlackElo "2150"]
[Result "1-0"]
[Round "1"]
1.d4 d5
2.Ng1f3 Ng8f6
3.c4 e6
4.Nb1c3 Bf8e7
5.Bc1g5 h6
6.Bg5h4 c6
7.e3 O-O
8.Bf1d3 Nb8d7
9.Ra1c1 b6
10.O-O dxc4
11.Bd3xc4 a5
12.Qd1e2 b5
13.Bc4d3 Bc8b7
14.e4 b4
15.Nc3a4 Ra8c8
16.Rf1d1 Rf8e8
17.b3 Nd7b8
18.Na4c5 Qd8b6
19.Bh4xf6 Be7xf6
20.e5 Bf6e7
21.Qe2e4 g6
22.h4 Be7xc5
23.dxc5 Qb6c7
24.h5 f5
25.exf6 Qc7f7
26.Qe4xg6 Qf7xg6
27.hxg6 Re8f8
28.f7 Kg7
29.Nf3d4 Kf6
30.Bd3c2 Nb8d7
31.Nd4xe6 Kxe6
32.Rd1d6 Ke7
33.Rc1e1 Kd8
34.g7 { resign }
1-0

[Event "Eq:Angels of Checkmate-Equipo Juan Diaz : "]
[Site "www.chess-mail.com"]
[Date "2015.01.24"]
[Round "1"]
[White "Neverless"]
[Black "Ilusion"]
[WhiteElo "2650"]
[BlackElo "1950"]
[Result "1-0"]
[Round "1"]
1.e4 c5
2.Ng1f3 d6
3.d4 cxd4
4.Nf3xd4 Ng8f6
5.Nb1c3 e6
6.g4 h6
7.h4 Nb8c6
8.Rh1g1 d5
9.exd5 Nf6xd5
10.Nc3xd5 Qd8xd5
11.Bf1g2 Qd5a5
12.Bc1d2 Qa5e5
13.Bd2e3 Nc6xd4
14.Qd1xd4 Qe5xd4
15.Be3xd4 f6
16.O-O-O e5
17.Bd4e3 Bc8xg4
18.Bg2xb7 Bg4xd1
19.Bb7xa8 Bd1e2
20.Be3xa7 Bf8d6
21.Rg1xg7 { resign }
1-0

[Event "Eq:La Taverne-Equipo Juan Diaz : "]
[Site "www.chess-mail.com"]
[Date "2015.01.24"]
[Round "1"]
[White "Guidom"]
[Black "Ilusion"]
[WhiteElo "2040"]
[BlackElo "2000"]
[Result "1/2-1/2"]
[Round "1"]
1.e4 c5
2.f4 Nb8c6
3.Ng1f3 d6
4.Nb1c3 e6
5.Bf1b5 Bc8d7
6.O-O Ng8f6
7.d3 Bf8e7
8.Bc1e3 a6
9.Bb5xc6 Bd7xc6
10.e5 dxe5
11.Nf3xe5 Qd8c7
12.Qd1e2 O-O
13.Ra1e1 Nf6d5
14.Nc3e4 Nd5xe3
15.Qe2xe3 b6
16.Ne5xc6 Qc7xc6
17.f5 exf5
18.Rf1xf5 Ra8e8
19.Qe3g3 Kh8
20.Re1f1 Qc6g6
21.Qg3xg6 fxg6
22.Rf5xf8 Re8xf8
23.Rf1xf8 { draw }
1/2-1/2

[Event "Fast Game"]
[Site "www.echecsemail.com"]
[Date "2015.01.24"]
[Round "1"]
[White "Manuel09"]
[Black "Nimzo2"]
[WhiteElo "1699"]
[BlackElo "1599"]
[Result "0-1"]
[Round "1"]
1.e4 e6
2.d4 d5
3.Nb1c3 Ng8f6
4.e5 Nf6d7
5.Ng1f3 Bf8e7
6.Bf1e2 O-O
7.O-O f6
8.h3 c5
9.Bc1f4 Nb8c6
10.exf6 Nd7xf6
11.Bf4e3 Nf6e4
12.Nc3xe4 dxe4
13.Nf3e5 Nc6xd4
14.c3 Nd4xe2
15.Qd1xe2 Qd8c7
16.Ne5g4 h5
17.Ng4h2 Be7d6
18.g3 Bc8d7
19.h4 Bd7c6
20.Qe2xh5 Bd6xg3
21.Nh2g4 Rf8f5
22.Qh5g6 Kh8
23.Kg2 Bg3f4
24.h5 Rf5g5
25.Be3xf4 Qc7xf4
{ resign }
0-1

[Event "Tourn. n7944"]
[Site "www.chess-mail.com"]
[Date "2015.01.25"]
[Round "1"]
[White "Generalfree"]
[Black "Maxlou"]
[WhiteElo "1720"]
[BlackElo "1660"]
[Result "0-1"]
[Round "1"]
1.e4 Ng8f6
2.e5 Nf6d5
3.c4 Nd5b6
4.Nb1c3 d6
5.Ng1f3 Nb8c6
6.d4 Bc8g4
7.exd6 cxd6
8.Bc1e3 g6
9.b3 Bf8g7
10.h3 Bg4xf3
11.gxf3 O-O
12.f4 d5
13.c5 Nb6d7
14.Nc3xd5 Nd7xc5
15.Bf1c4 Nc5e6
16.Ra1c1 b5
17.Bc4xb5 Qd8a5
18.Nd5c3 Nc6xd4
19.Bb5d7 Ra8d8
20.Bd7xe6 Nd4xe6
21.Qd1c2 Rd8c8
22.Be3d2 Ne6xf4
23.Bd2xf4 Rc8xc3
{ resign }
0-1

[Event "Tourn. n8028"]
[Site "www.chess-mail.com"]
[Date "2015.01.25"]
[Round "1"]
[White "Aperturaf"]
[Black "Krasin"]
[WhiteElo "2250"]
[BlackElo "2240"]
[Result "1-0"]
[Round "1"]
1.e4 e6
2.d4 d5
3.Bf1d3 dxe4
4.Bd3xe4 Ng8f6
5.Be4f3 c5
6.Ng1e2 Nb8c6
7.c3 cxd4
8.Ne2xd4 Nc6xd4
9.Qd1xd4 Qd8xd4
10.cxd4 Bf8b4
11.Nb1c3 Nf6d5
12.Bc1d2 O-O
13.Nc3xd5 Bb4xd2
14.Kxd2 exd5
15.Rh1c1 Bc8e6
16.Rc1c7 Ra8b8
17.Ra1c1 g6
18.Rc1c3 a6
19.Rc3b3 b5
20.Rc7c6 Be6c8
21.Rc6d6 b4
22.Rb3e3 Bc8f5
23.Rd6xd5 Rb8c8
24.Bf3e4 Bf5e6
25.Rd5c5 Rf8d8
26.Rc5xc8 Rd8xc8
27.d5 Be6d7
28.a3 bxa3
29.Re3xa3 Bd7b5
30.Ra3c3 Rc8d8
31.Rc3c7 Kf8
32.Kc3 Rd8b8
33.g4 Ke8
34.g5 Bb5d7
35.Rc7a7 Rb8b6
36.b4 Ke7
37.Be4d3 Kd6
38.Bd3xa6 { resign }
1-0

[Event "Tourn. n7789"]
[Site "www.chess-mail.com"]
[Date "2015.01.25"]
[Round "1"]
[White "Madz123456"]
[Black "Merlino23"]
[WhiteElo "2350"]
[BlackElo "2590"]
[Result "0-1"]
[Round "1"]
1.e4 e5
2.Ng1f3 Nb8c6
3.Bf1c4 Bf8c5
4.O-O Ng8f6
5.d3 d6
6.c3 O-O
7.Bc4b3 a6
8.Bc1e3 Bc5xe3
9.fxe3 b5
10.a4 Bc8d7
11.Nb1d2 Nc6e7
12.Qd1e1 c5
13.Qe1g3 Ne7g6
14.axb5 axb5
15.Ra1xa8 Qd8xa8
16.Nf3h4 c4
17.dxc4 Bd7e6
18.Nh4xg6 hxg6
19.Qg3f3 Qa8b7
20.Qf3e2 Nf6xe4
21.Nd2xe4 Qb7xe4
22.Bb3c2 Qe4xc4
23.Bc2d3 Qc4b3
24.Bd3xb5 Rf8a8
25.Bb5d3 Ra8a2
 { time }
0-1

[Event "Tourn. n7940"]
[Site "www.chess-mail.com"]
[Date "2015.01.25"]
[Round "1"]
[White "Falcoale"]
[Black "Difficult"]
[WhiteElo "2000"]
[BlackElo "1880"]
[Result "0-1"]
[Round "1"]
1.e4 e5
2.Ng1f3 d6
3.d4 exd4
4.Nf3xd4 Ng8f6
5.Nb1c3 Bf8e7
6.Bf1c4 O-O
7.O-O c6
8.Rf1e1 Nb8d7
9.Bc1f4 Nd7e5
10.Bc4b3 Ne5g6
11.Bf4g3 Ng6e5
12.Nd4f5 Bc8xf5
13.exf5 Qd8c7
14.h3 a5
15.a3 b5
16.Qd1e2 b4
17.axb4 axb4
18.Nc3e4 Nf6xe4
19.Qe2xe4 Ra8xa1
20.Re1xa1 Be7f6
21.Qe4xb4 c5
22.Qb4a4 c4
23.Bg3xe5 Bf6xe5
24.Bb3xc4 h6
25.Qa4a7 Qc7xc4
26.c3 Qc4f4
27.Qa7a6 Qf4h2
28.Kf1 Qh2h1
29.Ke2 Qh1xg2
30.Qa6d3 Qg2c6
31.Ra1d1 Rf8b8
32.Qd3d2 Qc6e4
33.Qd2e3 Rb8xb2
34.Kf1 Qe4h1
{ resign }
0-1

[Event "Tourn. n7968"]
[Site "www.chess-mail.com"]
[Date "2015.01.25"]
[Round "1"]
[White "Louis"]
[Black "Difficult"]
[WhiteElo "1880"]
[BlackElo "1880"]
[Result "0-1"]
[Round "1"]
1.e4 c6
2.d4 d5
3.exd5 cxd5
4.c4 Ng8f6
5.Nb1c3 e6
6.Ng1f3 Nb8c6
7.a3 a6
8.b3 Bf8e7
9.Bc1b2 O-O
10.Bf1d3 Rf8e8
11.O-O b6
{ resign }
0-1

[Event "Tourn. n7862"]
[Site "www.chess-mail.com"]
[Date "2015.01.25"]
[Round "1"]
[White "Manolinex"]
[Black "Nimzo"]
[WhiteElo "2690"]
[BlackElo "2630"]
[Result "1/2-1/2"]
[Round "1"]
1.e4 e6
2.d4 d5
3.Nb1d2 c5
4.Ng1f3 cxd4
5.exd5 Qd8xd5
6.Bf1c4 Qd5d6
7.O-O Ng8f6
8.Nd2b3 Nb8c6
9.Nb3xd4 Nc6xd4
10.Nf3xd4 a6
11.Rf1e1 Qd6c7
12.Bc4b3 Bf8d6
13.Nd4f5 Bd6xh2
14.Kh1 O-O
15.Nf5xg7 Rf8d8
16.Qd1f3 Kxg7
17.Bc1h6 Kg6
18.c3 Nf6h5
19.Bh6e3 f5
20.Ra1d1 Rd8xd1
21.Bb3xd1 Nh5f6
22.g3 Bh2xg3
23.Re1g1 Nf6g4
24.Rg1xg3 h5
25.Kg1 Bc8d7
26.Qf3h1 Ra8g8
27.Bd1xg4 hxg4
28.Qh1h6 Kf7
29.Qh6h5 Rg8g6
30.Qh5h7 Rg6g7
{ draw }
1/2-1/2

[Event "Tourn. n8014"]
[Site "www.chess-mail.com"]
[Date "2015.01.25"]
[Round "1"]
[White "Faerieking"]
[Black "Woodpusher2"]
[WhiteElo "2210"]
[BlackElo "2510"]
[Result "1-0"]
[Round "1"]
1.e4 e6
2.d4 d5
3.Nb1c3 Ng8f6
4.Bc1g5 dxe4
5.Nc3xe4 Bf8e7
6.Bg5xf6 Be7xf6
7.Ng1f3 O-O
8.Qd1d2 b6
9.Ne4xf6 Qd8xf6
10.Bf1d3 Bc8b7
11.Nf3g5 g6
12.O-O-O Nb8c6
13.h4 Qf6xd4
14.Ng5xh7 Kxh7
15.h5 Nc6e5
16.hxg6 { resign }
1-0

[Event "Tourn. n7856"]
[Site "www.chess-mail.com"]
[Date "2015.01.25"]
[Round "1"]
[White "Woodpusher2"]
[Black "Ingauno64"]
[WhiteElo "2450"]
[BlackElo "2510"]
[Result "1/2-1/2"]
[Round "1"]
1.Ng1f3 Nb8c6
2.d4 d6
3.d5 Nc6b8
4.c4 g6
5.g3 Bf8g7
6.Nb1c3 Nb8d7
7.Bf1g2 Ng8f6
8.O-O O-O
9.Nf3d4 Nd7e5
10.b3 a6
11.f4 Ne5d7
12.Bc1b2 Nd7b8
13.e4 c5
14.Nd4c2 Nf6e8
15.Qd1d2 Nb8d7
16.Nc3d1 b5
17.Nc2e3 Ra8b8
18.Bb2xg7 Ne8xg7
19.Nd1f2 Qd8c7
20.Nf2d3 f5
21.exf5 Ng7xf5
22.Ne3xf5 gxf5
23.Rf1e1 bxc4
24.bxc4 Nd7f6
25.Bg2f3 a5
26.Ra1c1 a4
27.Kg2 Bc8a6
28.Qd2c2 Qc7d7
29.Re1e6 Ba6c8
30.Re6e2 Qd7e8
31.Rc1e1 Rf8f7
32.Re1b1 Rb8xb1
33.Qc2xb1 Bc8a6
34.Qb1c1 Ba6c8
35.Nd3f2 Bc8d7
36.Re2b2 Rf7f8
37.Qc1b1 Qe8d8
38.Rb2b6 Qd8a8
39.Nf2d1 Qa8a5
40.Rb6b2 Rf8a8
41.h3 Kf8
42.Qb1d3 Qa5d8
43.Qd3b1 { draw }
1/2-1/2

[Event "Tourn. n8015"]
[Site "www.chess-mail.com"]
[Date "2015.01.25"]
[Round "1"]
[White "Fresnel"]
[Black "Gatrooper"]
[WhiteElo "1499"]
[BlackElo "1470"]
[Result "1-0"]
[Round "1"]
1.d4 d5
2.c4 dxc4
3.Ng1f3 e6
4.e3 Nb8c6
5.Bf1xc4 Ng8f6
6.O-O Nf6e4
7.Qd1c2 h6
8.Qc2xe4 Bc8d7
9.Nb1c3 f5
10.Qe4h4 Bf8e7
11.Qh4h5 Kf8
12.e4 Bd7e8
13.Qh5h3 g5
14.Bc4xe6 g4
15.Bc1xh6 Rh8xh6
16.Qh3xh6 
1-0